00390nam a2200181Ia 4500003000900000008004100009040001300050040001300063041000900076100002300085245002600108250000900134260002900143260000900172300001100181300001000192490000600202IT-RoPAU120407s9999 xx 000 0 und d aIT-RoPAU cIT-RoPAU alat  aSebastianus Fraghi aDe membris Ecclesiae. aRoma aOfficium Libri Catholici c1937 a122 p. c24 cm v1